00325nam a22001097a 4500008004100000082001300041110003000054245006000084260003000144300000900174440003200183230619b xxu||||| |||| 00| 0 eng d a021bKLA bKenya Library Association aThe MaktababA journal of the Kemya Library Association aNairobi, KenyabKLAc2017 a186p nNo. 2 2017vvol 6x02535971